000 00339nam a2200121Ia 4500
005 20251222142021.0
008 251222s9999||||xx |||||||||||||| ||spa||
082 _a344.01/P21
100 _aPalomino Ramírez, Teodosio A.
245 0 _aEl Derecho del Trabajo en las Constituciones de Iberoamérica
264 _bJuris Laboral
942 _cLIB
999 _c10650
_d10650